| 000 | 00381pab a2200145 454500 | ||
|---|---|---|---|
| 008 | 180718b1997 xxu||||| |||| 00| 0 eng d | ||
| 100 | _aPronk, Jan | ||
| 245 | _aA new international order is in the interest of the developed countries too | ||
| 260 | _c1997 | ||
| 300 | _ap.63-70 | ||
| 362 | _aMar | ||
| 650 | _aInternational relations | ||
| 773 | _aDevelopment | ||
| 909 | _a34531 | ||
| 999 |
_c34531 _d34531 |
||